Capital to Country on a Map - Statistics

General Stats
  • This quiz has been taken 10 times
  • The average score is 113 of 178
Answers on the Map
Answers color-coded by a green-red scale on the quiz's map according to % correct below.
 
Answer Stats
Answer % Correct
Algiers
90%
Brasília
90%
Brussels
90%
Buenos Aires
90%
Canberra
90%
La Paz / Sucre
90%
Minsk
90%
Nassau
90%
Abu Dhabi
80%
Amsterdam
80%
Ankara
80%
Asunción
80%
Athens
80%
Baghdad
80%
Bangkok
80%
Beijing
80%
Berlin
80%
Bogotá
80%
Budapest
80%
Cairo
80%
Copenhagen
80%
Dhaka
80%
Dublin
80%
Havana
80%
Helsinki
80%
Jakarta
80%
Kabul
80%
Kiev
80%
Kuala Lumpur
80%
Kuwait City
80%
Lima
80%
Lisbon
80%
London
80%
Madrid
80%
Manila
80%
Mexico City
80%
Moscow
80%
Oslo
80%
Ottawa
80%
Panama City
80%
Paris
80%
Pyongyang
80%
Reykjavík
80%
Riga
80%
Riyadh
80%
Rome
80%
Santiago
80%
Seoul
80%
Sofia
80%
Stockholm
80%
Taipei
80%
Tokyo
80%
Tripoli
80%
Tunis
80%
Ulaanbaatar
80%
Vienna
80%
Warsaw
80%
Washington D.C.
80%
Wellington
80%
Zagreb
80%
Addis Ababa
70%
Belgrade
70%
Belmopan
70%
Bratislava
70%
Bucharest
70%
Caracas
70%
Djibouti
70%
Doha
70%
Guatemala City
70%
Hanoi
70%
Islamabad
70%
Kathmandu
70%
Khartoum
70%
Malé
70%
Montevideo
70%
Nairobi
70%
New Delhi
70%
Nicosia
70%
Nur-Sultan
70%
Phnom Penh
70%
Port-au-Prince
70%
Prague
70%
Pretoria / Cape Town
/ Bloemfontein
70%
Quito
70%
San José
70%
Sarajevo
70%
Tallinn
70%
Tehran
70%
Thimphu
70%
Valletta
70%
Vilnius
70%
Amman
60%
Antananarivo
60%
Ashgabat
60%
Baku
60%
Bangui
60%
Bern
60%
Brazzaville
60%
Chișinău
60%
Dakar
60%
Damascus
60%
Gaborone
60%
Jerusalem
60%
Juba
60%
Kigali
60%
Kingston
60%
Kinshasa
60%
Ljubljana
60%
Luanda
60%
Mogadishu
60%
Muscat
60%
Naypyidaw
60%
Ouagadougou
60%
Paramaribo
60%
Port Moresby
60%
Rabat
60%
Sana'a
60%
San Salvador
60%
Santo Domingo
60%
São Tomé
60%
Skopje
60%
Sri
Jayawardenepura
Kotte
60%
Vientiane
60%
Yamoussoukro
60%
Abuja
50%
Accra
50%
Asmara
50%
Bamako
50%
Bissau
50%
Conakry
50%
Dili
50%
Freetown
50%
Georgetown
50%
Harare
50%
Kampala
50%
Lomé
50%
Lusaka
50%
Managua
50%
Maputo
50%
Maseru
50%
Monrovia
50%
N'Djamena
50%
Niamey
50%
Nouakchott
50%
Palikir
50%
Port Louis
50%
Porto-Novo /
Cotonou
50%
Tbilisi
50%
Tirana
50%
Windhoek
50%
Yaoundé
50%
Bishkek
40%
Dodoma
40%
Dushanbe
40%
Funafuti
40%
Gitega
40%
Libreville
40%
Lilongwe
40%
Malabo
40%
Mbabane
40%
Moroni
40%
Podgorica
40%
Praia
40%
Pristina
40%
South Tarawa
40%
Tashkent
40%
Victoria
40%
Apia
30%
Beirut
30%
Honiara
30%
Ngerulmud
30%
Nukuʻalofa
30%
Tegucigalpa
30%
Yaren
30%
Yerevan
30%
Majuro
20%
Port Vila
20%
Suva
20%
No matching quizzes found
Score Distribution
Percent of People with Each Score
Percentile by Number Answered
Your Score History
You have not taken this quiz